[Event "29.Schlosspark-Open"]
[Site "Wiesbaden-Biebrich"]
[Date "2017.08.24"]
[Round "1.56"]
[White "Wehr, Jan"]
[Black "Wolf, Andreas"]
[Result "1/2-1/2"]
[WhiteElo "1662"]
[BlackElo "1993"]
[PlyCount "98"]
[EventDate "2017.??.??"]
[WhiteTeam "Krefelder SK Turm"]
[BlackTeam "FVS ASP Hoyerswerda"]

1. Nf3 Nf6 2. c4 e6 3. g3 d5 4. Bg2 Be7 5. O-O O-O 6. d4 dxc4 7. Qc2 a6 8. Qxc4
b5 9. Qc2 Bb7 10. Bg5 Nbd7 11. Bxf6 Nxf6 12. Nbd2 Rc8 13. Nb3 Be4 14. Qc1 c5
15. dxc5 Qc7 16. Rd1 a5 17. Nfd2 Bxg2 18. Kxg2 a4 19. Nd4 Bxc5 20. N2f3 Qb6 21.
Qg5 h6 22. Qh4 Qb7 23. Kg1 Rfd8 24. Ne5 Rd5 25. Ndf3 Rcd8 26. Rxd5 Qxd5 27. Nd3
Bb6 28. Qb4 Rc8 29. b3 Bc5 30. Nxc5 Rxc5 31. bxa4 bxa4 32. Qxa4 Ra5 33. Qc2 Qa8
34. a4 Nd5 35. Qb3 Qc6 36. Nd4 Qc3 37. Qxc3 Nxc3 38. e3 Rxa4 39. Rxa4 Nxa4 40.
Kg2 g6 41. Kf3 Nc5 42. e4 e5 43. Nc6 f6 44. Ke3 Kf7 45. f4 Ke6 46. Nd8+ Ke7 47.
Nc6+ Ke6 48. Nd8+ Ke7 49. Nc6+ Ke6 1/2-1/2

[Event "29.Schlosspark-Open"]
[Site "Wiesbaden-Biebrich"]
[Date "2017.08.24"]
[Round "1.57"]
[White "Tufa, Mihai"]
[Black "Schwenk, Stefan"]
[Result "1-0"]
[WhiteElo "1998"]
[BlackElo "1640"]
[PlyCount "41"]
[EventDate "2017.??.??"]
[WhiteTeam "Club Sah Diana Galati"]
[BlackTeam "TuS Dotzheim"]

1. e4 c5 2. c3 e6 3. d4 cxd4 4. cxd4 d5 5. Nc3 Nc6 6. Nf3 a6 7. Bd3 dxe4 8.
Nxe4 Be7 9. O-O Nf6 10. Be3 Bd7 11. Ne5 Nxe5 12. dxe5 Nd5 13. Qg4 g6 14. Bd4
Bc6 15. Rfd1 Nb4 16. Bc4 Bd5 17. Bc3 Qb6 18. Bxb4 Bxe4 19. Bxe7 Bc2 20. Rdc1
Qxb2 21. Bf6 1-0

[Event "29.Schlosspark-Open"]
[Site "Wiesbaden-Biebrich"]
[Date "2017.08.24"]
[Round "1.58"]
[White "Künne, Lutz"]
[Black "Seidel, Jürgen"]
[Result "0-1"]
[WhiteElo "1635"]
[BlackElo "2004"]
[PlyCount "62"]
[EventDate "2017.??.??"]
[WhiteTeam "KC Jena"]
[BlackTeam "TuS Dotzheim"]

1. d4 d6 2. Nf3 Nd7 3. Bf4 g6 4. c3 Bg7 5. e3 e5 6. Bg3 Nh6 7. Nbd2 O-O 8. Bd3
f5 9. Bc4+ Kh8 10. h4 e4 11. Ng5 Nf6 12. Bf4 Qe7 13. Be2 Nhg4 14. Bxg4 fxg4 15.
Qc2 Bf5 16. O-O-O h6 17. Rh2 hxg5 18. hxg5+ Nh5 19. Rdh1 Kg8 20. Qb3+ Qf7 21.
Rxh5 Qxb3 22. Nxb3 gxh5 23. Rxh5 Kf7 24. Na5 b6 25. Nc6 a5 26. Rh4 Be6 27. b3
Bd5 28. g6+ Ke6 29. Rh7 Rg8 30. Bh6 Bxh6 31. Rxh6 Bxc6 0-1

[Event "29.Schlosspark-Open"]
[Site "Wiesbaden-Biebrich"]
[Date "2017.08.24"]
[Round "1.59"]
[White "Speck, Stefan"]
[Black "Kunisch, Nina"]
[Result "1-0"]
[WhiteElo "2000"]
[BlackElo "1601"]
[PlyCount "77"]
[EventDate "2017.??.??"]
[WhiteTeam "SC Solingen 28"]
[BlackTeam "TV-Großostheim"]

1. e4 c5 2. c3 g6 3. h4 h5 4. Bc4 Bg7 5. Nf3 Nc6 6. Bb3 Nf6 7. e5 Ng4 8. d4
cxd4 9. cxd4 O-O 10. Qd3 Qb6 11. Qxg6 Qxb3 12. Qxg7+ Kxg7 13. axb3 Nb4 14. O-O
a5 15. Bd2 Nc6 16. b4 b6 17. bxa5 bxa5 18. b4 a4 19. b5 Nd8 20. Bb4 Re8 21. Nc3
Bb7 22. Rxa4 Kh8 23. Rxa8 Bxa8 24. Ra1 Bb7 25. Ra7 e6 26. Ba5 Bxf3 27. gxf3 Nh6
28. Rxd7 Rg8+ 29. Kf1 Nb7 30. Rxb7 Nf5 31. d5 exd5 32. Nxd5 Nxh4 33. Nf6 Rf8
34. e6 Nxf3 35. e7 Rc8 36. Rc7 Rxc7 37. e8=Q+ Kg7 38. Nxh5+ Kh6 39. Qe3+ 1-0

[Event "29.Schlosspark-Open"]
[Site "Wiesbaden-Biebrich"]
[Date "2017.08.24"]
[Round "1.60"]
[White "Lorenz, Hermann"]
[Black "Pauls, Wilhelm"]
[Result "0-1"]
[WhiteElo "1629"]
[BlackElo "1993"]
[PlyCount "64"]
[EventDate "2017.??.??"]
[WhiteTeam "SF Mainz"]
[BlackTeam "SG Kaarst"]

1. c4 c5 2. g3 Nc6 3. Bg2 g6 4. Nf3 Bg7 5. O-O e5 6. Nc3 Nge7 7. d3 d6 8. Rb1
h6 9. a3 a5 10. Bd2 O-O 11. Nb5 Be6 12. e4 f5 13. Qc1 fxe4 14. dxe4 Kh7 15. b4
axb4 16. axb4 Nxb4 17. Bxb4 cxb4 18. c5 dxc5 19. Qxc5 Nc6 20. Rfd1 Qa5 21. Nd2
Rfd8 22. Nc4 Rxd1+ 23. Rxd1 Qa4 24. Nb2 Qb3 25. Qc1 Ra2 26. Rd2 Nd4 27. Nxd4
exd4 28. Bf1 Qa3 29. Qb1 d3 30. e5 Ra1 31. Qxd3 Qxd3 32. Nxd3 Bh3 0-1

[Event "29.Schlosspark-Open"]
[Site "Wiesbaden-Biebrich"]
[Date "2017.08.24"]
[Round "1.61"]
[White "Tremöhlen, Thomas"]
[Black "Bakiev, Diyor"]
[Result "1-0"]
[WhiteElo "1986"]
[BlackElo "1627"]
[PlyCount "45"]
[EventDate "2017.??.??"]
[WhiteTeam "SG Kaarst"]
[BlackTeam "SV Ffm-Griesheim"]

1. b3 e5 2. Bb2 Nc6 3. e3 d5 4. Bb5 Bd6 5. Nf3 Qe7 6. c4 dxc4 7. bxc4 f6 8. h3
a6 9. Bxc6+ bxc6 10. Rg1 Nh6 11. d4 c5 12. dxe5 fxe5 13. Qd5 Rb8 14. Bxe5 Bb7
15. Bxd6 cxd6 16. Qh5+ Nf7 17. Nc3 O-O 18. Nd5 Qe6 19. Ng5 Nxg5 20. Qxg5 Rf5
21. Qxf5 Bxd5 22. Qxd5 Qxd5 23. cxd5 1-0

[Event "29.Schlosspark-Open"]
[Site "Wiesbaden-Biebrich"]
[Date "2017.08.24"]
[Round "1.62"]
[White "Brauch, Manfred"]
[Black "Egli, Urs"]
[Result "0-1"]
[WhiteElo "1626"]
[BlackElo "1983"]
[PlyCount "34"]
[EventDate "2017.??.??"]
[WhiteTeam "Barmbeker SK"]
[BlackTeam "Sihlfeld(Zürich)"]

1. d4 d6 2. Nf3 Nf6 3. e3 Nbd7 4. Bd3 e5 5. Nbd2 g6 6. O-O Bg7 7. c3 O-O 8. Re1
Re8 9. e4 c6 10. Nc4 Qc7 11. Bc2 exd4 12. Bf4 Ne5 13. Ncxe5 dxe5 14. Nxe5 Nh5
15. Qf3 Nxf4 16. Nxf7 Qxf7 17. Bb3 Be6 0-1

[Event "29.Schlosspark-Open"]
[Site "Wiesbaden-Biebrich"]
[Date "2017.08.24"]
[Round "1.63"]
[White "Martin, Reiner"]
[Black "Triantafillidis, Dimitrios"]
[Result "0-1"]
[WhiteElo "1983"]
[BlackElo "1624"]
[PlyCount "81"]
[EventDate "2017.??.??"]
[WhiteTeam "SC Bad Soden"]
[BlackTeam "SF HN-Biberach"]

1. Nf3 Nf6 2. c4 c5 3. g3 Nc6 4. Bg2 g6 5. O-O Bg7 6. Nc3 O-O 7. d4 cxd4 8.
Nxd4 Nxd4 9. Qxd4 d6 10. Qd3 Rb8 11. b3 b6 12. Bb2 Bb7 13. e4 Qd7 14. Rad1 Rfd8
15. h3 Qe8 16. Rd2 Nd7 17. Nd5 Nc5 18. Qe2 Bxd5 19. exd5 b5 20. cxb5 Rxb5 21.
Re1 Bxb2 22. Rxb2 Rb7 23. h4 Qd7 24. Rd2 Re8 25. h5 Rb4 26. Qe3 Qf5 27. h6 Qf6
28. f4 e6 29. Rc1 Kf8 30. dxe6 Rxe6 31. Qf3 Rbe4 32. Qf2 Rb4 33. Rxc5 Qa1+ 34.
Kh2 g5 35. fxg5 Ke8 36. Rc8+ Kd7 37. Qxa7+ Kxc8 38. Rc2+ Kd8 39. Qa8+ Kd7 40.
Qc8+ Ke7 41. Rc7# 0-1

[Event "29.Schlosspark-Open"]
[Site "Wiesbaden-Biebrich"]
[Date "2017.08.24"]
[Round "1.64"]
[White "Seeger, Alexandra"]
[Black "Reitz, Philipp"]
[Result "0-1"]
[WhiteElo "1615"]
[BlackElo "1978"]
[PlyCount "54"]
[EventDate "2017.??.??"]
[WhiteTeam "SC Rohrbach-Boxberg"]
[BlackTeam "VfR-SC Koblenz"]

1. d4 Nf6 2. Nf3 e6 3. Bf4 c5 4. e3 Nc6 5. c3 d5 6. Nbd2 Be7 7. Be2 Nh5 8. Bg3
Nxg3 9. hxg3 h6 10. Qc2 Qc7 11. Nb3 b6 12. O-O-O Bb7 13. g4 O-O-O 14. Kb1 Kb8
15. Nbd2 e5 16. dxe5 Nxe5 17. Nxe5 Qxe5 18. Nf3 Qe6 19. Qf5 Qxf5+ 20. gxf5 Bf6
21. g4 d4 22. exd4 Rhe8 23. Bb5 Bxf3 24. Bxe8 Bxh1 25. Bxf7 Be4+ 26. Ka1 cxd4
27. cxd4 Bxd4 0-1

[Event "29.Schlosspark-Open"]
[Site "Wiesbaden-Biebrich"]
[Date "2017.08.24"]
[Round "1.65"]
[White "Kalepky, Helmut"]
[Black "Jakesevic, Ivan"]
[Result "1-0"]
[WhiteElo "1971"]
[BlackElo "1615"]
[PlyCount "65"]
[EventDate "2017.??.??"]
[WhiteTeam "SF Heidesheim"]
[BlackTeam "FC Bierstadt"]

1. e4 d6 2. d4 Nf6 3. f3 g6 4. Bg5 Nbd7 5. Qd2 Bg7 6. Bc4 e5 7. d5 Nb6 8. Bb5+
Bd7 9. Bxd7+ Qxd7 10. b3 O-O 11. Ne2 c6 12. Bxf6 Bxf6 13. Nbc3 cxd5 14. Nxd5
Nxd5 15. Qxd5 Qc6 16. O-O-O Rac8 17. Qxc6 Rxc6 18. Rd5 Be7 19. Kb2 f5 20. Ng3
Bh4 21. exf5 Bxg3 22. hxg3 gxf5 23. Rh6 e4 24. Rdxd6 Rxd6 25. Rxd6 Re8 26. Kc1
exf3 27. gxf3 Re3 28. Rd3 Rxd3 29. cxd3 h5 30. Kd2 Kf7 31. Ke3 Kf6 32. Kf4 a5
33. d4 1-0

[Event "29.Schlosspark-Open"]
[Site "Wiesbaden-Biebrich"]
[Date "2017.08.24"]
[Round "1.66"]
[White "Fernandez Garcia, Alfonso Javier"]
[Black "Musiolik, David"]
[Result "0-1"]
[WhiteElo "1598"]
[BlackElo "1944"]
[PlyCount "80"]
[EventDate "2017.??.??"]
[WhiteTeam "SV Neu-Isenburg"]
[BlackTeam "SC Ramstein"]

1. e4 e6 2. d4 d5 3. Nd2 Nf6 4. Bd3 c5 5. e5 Nfd7 6. c3 Nc6 7. Ngf3 Be7 8. O-O
g5 9. h3 h5 10. Re1 cxd4 11. cxd4 g4 12. hxg4 hxg4 13. Nh2 g3 14. fxg3 Nxd4 15.
Ndf3 Bc5 16. Kf1 Nxe5 17. Rxe5 Nxf3 18. Qxf3 Rxh2 19. Rh5 Rxh5 20. Qxh5 Qf6+
21. Qf3 Qd4 22. Ke2 Bd7 23. Qe3 Qg4+ 24. Qf3 Qd4 25. Qe3 Qxe3+ 26. Bxe3 Bxe3
27. Kxe3 Ke7 28. Rh1 Rg8 29. Kf2 e5 30. Rh5 Kd6 31. Bc2 Bg4 32. Rh6+ Be6 33.
Bf5 Re8 34. g4 e4 35. Rh1 Ke5 36. Rh5 Bxf5 37. gxf5 d4 38. g4 Kf4 39. Rh7 e3+
40. Ke2 d3+ 0-1

[Event "29.Schlosspark-Open"]
[Site "Wiesbaden-Biebrich"]
[Date "2017.08.24"]
[Round "1.67"]
[White "Zimmer, Gerald"]
[Black "Bartsch, Marius"]
[Result "1-0"]
[WhiteElo "1963"]
[BlackElo "1608"]
[PlyCount "81"]
[EventDate "2017.??.??"]
[WhiteTeam "SC Bergen-Enkheim"]
[BlackTeam "Wiesbadener SV"]

1. d4 f5 2. c4 Nf6 3. Nc3 e6 4. Nf3 Be7 5. g3 d6 6. Bg2 O-O 7. O-O a5 8. b3 Ne4
9. Bb2 Nxc3 10. Bxc3 Nd7 11. Qc2 Qe8 12. Rae1 Qh5 13. e4 f4 14. e5 d5 15. cxd5
exd5 16. Qe2 b6 17. Nd2 Qxe2 18. Bxd5+ Kh8 19. Rxe2 Ba6 20. Bc4 b5 21. Bd3 b4
22. Bxa6 bxc3 23. Bb5 Nb6 24. Ne4 Rad8 25. Nxc3 Rxd4 26. Re4 Bc5 27. Rd1 Rxd1+
28. Nxd1 fxg3 29. hxg3 Nd5 30. Bc4 Ne7 31. Kg2 g5 32. f4 h6 33. Nc3 Bb6 34. Nd5
Nxd5 35. Bxd5 g4 36. e6 Re8 37. f5 Kg7 38. Rxg4+ Kf6 39. Be4 Bd4 40. Bc6 Rh8
41. Rxd4 1-0

[Event "29.Schlosspark-Open"]
[Site "Wiesbaden-Biebrich"]
[Date "2017.08.24"]
[Round "1.68"]
[White "Wachsmann, Elmar"]
[Black "Junker, Christian"]
[Result "1/2-1/2"]
[WhiteElo "1604"]
[BlackElo "1959"]
[PlyCount "85"]
[EventDate "2017.??.??"]
[WhiteTeam "SC Groß-Umstadt"]
[BlackTeam "SV Neu-Isenburg"]

1. d4 f5 2. Nf3 Nf6 3. Bf4 e6 4. e3 d5 5. c4 c6 6. Nc3 Be7 7. Be2 O-O 8. O-O
Nh5 9. Be5 Nd7 10. Rb1 a5 11. a3 Nxe5 12. Nxe5 Nf6 13. c5 Nd7 14. Nxd7 Bxd7 15.
b4 axb4 16. axb4 f4 17. e4 Rf6 18. e5 Rh6 19. b5 Bf8 20. Qd2 Qh4 21. h3 Be8 22.
bxc6 bxc6 23. Bg4 f3 24. Bxf3 Bg6 25. Rb6 Bf5 26. Re1 Be7 27. Rxc6 Bg5 28. Qd1
Rf8 29. Nxd5 exd5 30. Rxh6 gxh6 31. Bxd5+ Kh8 32. Qf3 Be7 33. Qe3 Rd8 34. Be4
Bxe4 35. Qxe4 Rxd4 36. Qxh4 Rxh4 37. Rc1 Bd8 38. c6 Bc7 39. Re1 Kg7 40. e6 Kf8
41. e7+ Ke8 42. Re6 Rd4 43. g3 1/2-1/2

[Event "29.Schlosspark-Open"]
[Site "Wiesbaden-Biebrich"]
[Date "2017.08.24"]
[Round "1.69"]
[White "Rau, Christian"]
[Black "Lehmann, Wolfgang"]
[Result "1-0"]
[WhiteElo "1915"]
[BlackElo "1603"]
[PlyCount "93"]
[EventDate "2017.??.??"]
[WhiteTeam "SV Rüsselsheim"]
[BlackTeam "Wiesbadener SV"]

1. e4 c6 2. d4 d5 3. exd5 cxd5 4. Bd3 Nf6 5. Nf3 Bg4 6. h3 Bxf3 7. Qxf3 Nc6 8.
c3 e6 9. O-O Be7 10. Bf4 O-O 11. Nd2 Re8 12. Rae1 Bd6 13. Bxd6 Qxd6 14. Qd1 a6
15. f4 Ne7 16. Qf3 Qb6 17. Nb3 Rac8 18. Rf2 Nf5 19. g4 Nd6 20. Nc5 Nde4 21.
Nxe4 dxe4 22. Bxe4 Nxe4 23. Qxe4 h6 24. Rfe2 Rcd8 25. Qf3 Qb5 26. b3 a5 27. Re5
Qb6 28. f5 f6 29. Rxe6 Rxe6 30. fxe6 Re8 31. Qe3 Re7 32. c4 Kf8 33. Qe4 Qc7 34.
Kg2 a4 35. d5 Kg8 36. b4 b6 37. Rc1 Qd6 38. c5 bxc5 39. bxc5 Qb8 40. d6 Rb7 41.
e7 Rb2+ 42. Kg1 Kf7 43. Qd5+ Kg6 44. Qe4+ Kf7 45. Re1 Qe8 46. Qd5+ Kg6 47. Qh5+
1-0

[Event "29.Schlosspark-Open"]
[Site "Wiesbaden-Biebrich"]
[Date "2017.08.24"]
[Round "1.70"]
[White "Happel, Jürgen"]
[Black "Schindelmeiser, Frank"]
[Result "1/2-1/2"]
[WhiteElo "1593"]
[BlackElo "1955"]
[PlyCount "88"]
[EventDate "2017.??.??"]
[WhiteTeam "SV Hofheim"]
[BlackTeam "SV Oberursel"]

1. d4 Nf6 2. h3 g6 3. Bf4 Bg7 4. e3 O-O 5. Nf3 c5 6. c3 b6 7. Be2 Bb7 8. O-O d6
9. Nbd2 Nbd7 10. a4 a6 11. Qc2 Re8 12. Bh2 Rc8 13. Qb3 Nb8 14. Bc4 d5 15. Be2
c4 16. Qd1 Nc6 17. b4 b5 18. axb5 axb5 19. Ne5 Qb6 20. Qc2 Ra8 21. Qb2 Nxe5 22.
Bxe5 Nd7 23. Bxg7 Kxg7 24. f4 Qe6 25. Kf2 Nb6 26. Rxa8 Rxa8 27. Bf3 Na4 28. Qc2
Qf5 29. Rc1 Qxc2 30. Rxc2 Nb6 31. e4 e6 32. g4 Ra3 33. Nb1 Ra1 34. Nd2 Na4 35.
e5 Ra3 36. Nb1 Rb3 37. Rc1 Rb2+ 38. Kg3 Ra2 39. Bg2 Ra1 40. Rf1 Bc6 41. g5 Ra2
42. Rc1 Rb2 43. Kf3 Rb3 44. Bf1 Rb2 1/2-1/2

[Event "29.Schlosspark-Open"]
[Site "Wiesbaden-Biebrich"]
[Date "2017.08.24"]
[Round "1.71"]
[White "Berberich, Christoph"]
[Black "Denninger, David"]
[Result "1/2-1/2"]
[WhiteElo "1948"]
[BlackElo "1585"]
[PlyCount "135"]
[EventDate "2017.??.??"]
[WhiteTeam "SGEM Dreisamtal"]
[BlackTeam "SC JÃ„KLECHEMIE"]

1. d4 c5 2. e3 cxd4 3. exd4 d5 4. c4 Nf6 5. Nc3 e6 6. Nf3 Bb4 7. Bg5 Nbd7 8.
Bd3 Qa5 9. Bd2 dxc4 10. Bxc4 a6 11. O-O O-O 12. Re1 b5 13. Bb3 Bb7 14. a3 Bxc3
15. Bxc3 Qb6 16. Ne5 Nxe5 17. dxe5 Ne4 18. Bd4 Qc6 19. f3 Ng5 20. Rc1 Qd7 21.
h4 Bxf3 22. gxf3 Qxd4+ 23. Qxd4 Nxf3+ 24. Kg2 Nxd4 25. Bd1 Nf5 26. h5 Rac8 27.
Bg4 Ne3+ 28. Kf3 Nxg4 29. Kxg4 Rc4+ 30. Rxc4 bxc4 31. Rc1 Rc8 32. Rc3 f5+ 33.
exf6 gxf6 34. b3 Kf7 35. bxc4 Rc5 36. Rc1 Ke7 37. Kh4 h6 38. Kg4 Kd6 39. Rd1+
Kc6 40. Rd4 Rg5+ 41. Kh4 Ra5 42. Rg4 Ra4 43. Re4 e5 44. Kg4 Rxa3 45. Kf5 Rf3+
46. Kg6 Kd6 47. Re1 Rf4 48. Ra1 Rxc4 49. Kxf6 Rc6 50. Kf5 Kd5 51. Ra5+ Kd4 52.
Ra4+ Kd5 53. Ra5+ Kc4 54. Ra1 Kb3 55. Kxe5 Rc5+ 56. Ke4 a5 57. Rb1+ Kc2 58. Rh1
a4 59. Kd4 Rc3 60. Rc1+ Kxc1 61. Kxc3 Kd1 62. Kb4 Ke2 63. Kxa4 Kf3 64. Kb3 Kg4
65. Kc2 Kxh5 66. Kd2 Kg4 67. Ke2 Kg3 68. Kf1 1/2-1/2

[Event "29.Schlosspark-Open"]
[Site "Wiesbaden-Biebrich"]
[Date "2017.08.24"]
[Round "1.72"]
[White "Ochs, Daniel Elias"]
[Black "Kobs, Stephan"]
[Result "0-1"]
[WhiteElo "1571"]
[BlackElo "1937"]
[PlyCount "98"]
[EventDate "2017.??.??"]
[WhiteTeam "Wiesbadener SV"]
[BlackTeam "SV Esens"]

1. d4 Nf6 2. Nf3 g6 3. c3 Bg7 4. Bf4 b6 5. e3 Bb7 6. Nbd2 O-O 7. Bd3 d6 8. O-O
c5 9. a3 Nc6 10. Bg3 Re8 11. Rc1 e5 12. Bb1 e4 13. Ng5 d5 14. b4 c4 15. Nh3 Nh5
16. Nf4 Nxg3 17. hxg3 b5 18. a4 a6 19. a5 Bc8 20. Bc2 Ra7 21. Qe1 Bh6 22. Qe2
Rae7 23. Rfe1 Qd6 24. Nf1 Nd8 25. Bd1 f5 26. Nh2 Ne6 27. Qd2 Rf8 28. Kh1 Bd7
29. Be2 Be8 30. Rcd1 Ng7 31. Rf1 g5 32. Nh3 Bd7 33. Rde1 Ref7 34. Bd1 Rf6 35.
Kg1 g4 36. Nf4 Bxf4 37. gxf4 Rh6 38. g3 Qg6 39. Kg2 Rxh2+ 40. Kxh2 Qh5+ 41. Kg1
Rf6 42. f3 Rh6 43. Qg2 exf3 44. Bxf3 gxf3 45. Rxf3 Qg4 46. Kf2 Be8 47. Kg1 Rh3
48. e4 fxe4 49. Rfe3 Nf5 0-1

[Event "29.Schlosspark-Open"]
[Site "Wiesbaden-Biebrich"]
[Date "2017.08.24"]
[Round "1.73"]
[White "Muckle, Richard"]
[Black "Stork, Christopher"]
[Result "1/2-1/2"]
[WhiteElo "1936"]
[BlackElo "1569"]
[PlyCount "140"]
[EventDate "2017.??.??"]
[WhiteTeam "SK Ludwigshafen"]
[BlackTeam "SV Oberursel"]

1. d4 d5 2. g3 Nf6 3. Bg2 Bf5 4. c3 e6 5. Nf3 Nbd7 6. Nbd2 Bd6 7. O-O O-O 8.
Re1 c5 9. b3 Rc8 10. Bb2 b6 11. c4 cxd4 12. Nxd4 Bg6 13. Rc1 Bc5 14. cxd5 exd5
15. e3 Ne5 16. Bf1 Bd3 17. N4f3 Nxf3+ 18. Qxf3 Bxf1 19. Bxf6 Qxf6 20. Qxf6 gxf6
21. Nxf1 d4 22. exd4 Bxd4 23. Rxc8 Rxc8 24. Rd1 Bc5 25. Kg2 Re8 26. Kf3 Re5 27.
Ne3 Kg7 28. Rd7 Bxe3 29. fxe3 a5 30. Rd6 Re6 31. Rd5 Kg6 32. h4 f5 33. Rb5 h5
34. Rd5 Kf6 35. Ke2 Re5 36. Rd8 Re6 37. Rh8 Kg6 38. Rg8+ Kh6 39. Rg5 Re5 40.
Kd3 f6 41. Rg8 Kh7 42. Rb8 b5 43. Rb7+ Kg6 44. a4 bxa4 45. bxa4 Re4 46. Rb8
Rxa4 47. Ke2 Ra2+ 48. Kf3 a4 49. Ra8 a3 50. Ra7 Ra1 51. Kg2 a2 52. Kh2 Re1 53.
Rxa2 Rxe3 54. Rf2 Re4 55. Kg2 Rg4 56. Kf3 f4 57. gxf4 Rxh4 58. Ke4 Rg4 59. Ra2
h4 60. Ra8 Kg7 61. Kf5 Rg3 62. Ra7+ Kh6 63. Kxf6 h3 64. Ra8 Kh7 65. Ra1 h2 66.
Rh1 Rg2 67. f5 Kh6 68. Kf7 Kg5 69. f6 Rf2 70. Kg7 Rxf6 1/2-1/2

[Event "29.Schlosspark-Open"]
[Site "Wiesbaden-Biebrich"]
[Date "2017.08.24"]
[Round "1.74"]
[White "Wüst, Carolin"]
[Black "Kühn, Matthias"]
[Result "0-1"]
[WhiteElo "1566"]
[BlackElo "1935"]
[PlyCount "64"]
[EventDate "2017.??.??"]
[WhiteTeam "PTSV SK Hof"]
[BlackTeam "SV Hürth-Berrenrath"]

1. d4 g6 2. Nf3 Bg7 3. g3 d6 4. Bg2 Nc6 5. O-O Bg4 6. c3 Qc8 7. Nbd2 Nf6 8. Re1
O-O 9. Qc2 e5 10. dxe5 dxe5 11. e4 h6 12. Nc4 Re8 13. Ne3 Bh3 14. b3 Nh5 15.
Bb2 Bxg2 16. Kxg2 Qe6 17. Rad1 Rad8 18. Ba3 Bf8 19. Bxf8 Rxf8 20. Rd5 f5 21.
Rxd8 Nxd8 22. Nc4 Nc6 23. exf5 Rxf5 24. Qe2 Qd5 25. Rd1 Qe6 26. Re1 Ne7 27.
Ncxe5 Nd5 28. c4 Ndf4+ 29. gxf4 Nxf4+ 30. Kf1 Rxe5 31. Qxe5 Qh3+ 32. Kg1 Qg2#
0-1

[Event "29.Schlosspark-Open"]
[Site "Wiesbaden-Biebrich"]
[Date "2017.08.24"]
[Round "1.75"]
[White "Li, Maxim"]
[Black "Jahraus, Marlis"]
[Result "1-0"]
[WhiteElo "1932"]
[BlackElo "1563"]
[PlyCount "71"]
[EventDate "2017.??.??"]
[WhiteTeam "Wiesbadener SV"]
[BlackTeam "SC Untergrombach"]

1. e4 c5 2. Nc3 e6 3. f4 a6 4. Nh3 Nc6 5. g3 b5 6. Bg2 Bb7 7. O-O Qc7 8. d3 g6
9. f5 O-O-O 10. Ng5 Nh6 11. f6 Ne5 12. Bf4 d6 13. Bh3 Kb8 14. Bxe6 fxe6 15.
Nxe6 Qc8 16. Nxf8 Nhg4 17. h3 Ne3 18. Bxe3 Qxh3 19. Bf4 Ng4 20. Qe2 Rhxf8 21.
Qg2 Qxg2+ 22. Kxg2 Rxf6 23. Bg5 Rxf1 24. Rxf1 Rd7 25. Kh3 Ne5 26. Rf6 Kc7 27.
Bf4 Nf7 28. Kh4 Kb6 29. e5 g5+ 30. Kh5 Bf3+ 31. g4 Bxg4+ 32. Kxg4 gxf4 33. e6
Ne5+ 34. Kxf4 Rd8 35. e7 Ng6+ 36. Rxg6 1-0

[Event "29.Schlosspark-Open"]
[Site "Wiesbaden-Biebrich"]
[Date "2017.08.24"]
[Round "1.76"]
[White "Manuelyan, Nubar"]
[Black "Karthaus, Carsten"]
[Result "0-1"]
[WhiteElo "1562"]
[BlackElo "1925"]
[PlyCount "60"]
[EventDate "2017.??.??"]
[WhiteTeam "SV Bodenheim"]
[BlackTeam "SC Murrhardt"]

1. c4 d5 2. cxd5 Qxd5 3. Nc3 Qa5 4. Nf3 Nf6 5. g3 e5 6. Bg2 c6 7. O-O Bf5 8. d4
Nbd7 9. dxe5 Nxe5 10. Nxe5 Qxe5 11. Bf4 Qe6 12. Qa4 Bc5 13. b4 Bb6 14. b5 O-O
15. bxc6 bxc6 16. Rac1 Rac8 17. Rfd1 Nd5 18. Nxd5 cxd5 19. e3 Be4 20. Bxe4 dxe4
21. Rxc8 Rxc8 22. Qd7 Qxd7 23. Rxd7 f6 24. a3 Rc3 25. Re7 Rxa3 26. Rxe4 Kf7 27.
Bd6 Rd3 28. Re7+ Kg6 29. Bb4 a5 30. Be1 Rd1 0-1

[Event "29.Schlosspark-Open"]
[Site "Wiesbaden-Biebrich"]
[Date "2017.08.24"]
[Round "1.77"]
[White "Wachsmann, Dietmar"]
[Black "Busch, Günther"]
[Result "1-0"]
[WhiteElo "1923"]
[BlackElo "1561"]
[PlyCount "83"]
[EventDate "2017.??.??"]
[WhiteTeam "SC Groß-Umstadt"]
[BlackTeam "FC Bierstadt"]

1. e4 d6 2. d4 g6 3. Nf3 Bg7 4. Bc4 a6 5. O-O e6 6. Nc3 Ne7 7. Be3 O-O 8. Re1
Nd7 9. Qd2 b6 10. Bh6 Kh8 11. Rad1 Ng8 12. Bxg7+ Kxg7 13. e5 d5 14. Bf1 Bb7 15.
Ne2 a5 16. g3 Ba6 17. Bh3 Bxe2 18. Rxe2 Ne7 19. Rc1 c5 20. Ng5 h6 21. Nf3 Rh8
22. Qf4 g5 23. Qe3 c4 24. Ne1 Ng6 25. f4 Ndf8 26. Nf3 Ra7 27. fxg5 hxg5 28.
Nxg5 Rh5 29. Bxe6 Nxe6 30. Nf3 Ng5 31. Rf1 Nxf3+ 32. Rxf3 Qg5 33. Rf6 b5 34.
Qf3 Nh4 35. Qxd5 Qc1+ 36. Kf2 Nf5 37. h4 Nh6 38. Qf3 Qxb2 39. c3 Rf5 40. Rxf5
Qa3 41. Rg5+ Kf8 42. Qf6 1-0

[Event "29.Schlosspark-Open"]
[Site "Wiesbaden-Biebrich"]
[Date "2017.08.24"]
[Round "1.78"]
[White "Adlhoch, Walter"]
[Black "Köllner, Aaron Noah"]
[Result "0-1"]
[WhiteElo "1560"]
[BlackElo "1894"]
[PlyCount "84"]
[EventDate "2017.??.??"]
[WhiteTeam "SK Schwandorf"]
[BlackTeam "SV Bergneustadt/Derschlag"]

1. d4 d6 2. Nf3 Nf6 3. c4 g6 4. Nc3 Bf5 5. Bg5 Bg7 6. e3 h6 7. Bh4 Nbd7 8. Be2
O-O 9. h3 c5 10. O-O Ne4 11. Bd3 Nxc3 12. bxc3 Bxd3 13. Qxd3 Re8 14. Rfb1 Qc7
15. Bg3 Rac8 16. Rb3 Nb6 17. Nd2 Qc6 18. e4 Qa4 19. Bf4 cxd4 20. cxd4 Nxc4 21.
Rxb7 Nxd2 22. Qxd2 Rc4 23. Bxh6 Rxd4 24. Qg5 Rd1+ 25. Rxd1 Qxd1+ 26. Kh2 Be5+
27. g3 Qf1 28. Qe3 a6 29. Qa7 Bf6 30. Be3 Kg7 31. Bd4 Qc4 32. Bxf6+ Kxf6 33.
Rb6 Qxe4 34. Rxa6 Rc8 35. Ra4 Qe5 36. Rf4+ Kg7 37. Qd7 Rc1 38. Qe8 Qd5 39. g4
Rh1+ 40. Kg3 Rg1+ 41. Kh4 Qh5+ 42. gxh5 g5# 0-1

[Event "29.Schlosspark-Open"]
[Site "Wiesbaden-Biebrich"]
[Date "2017.08.24"]
[Round "1.79"]
[White "Arns, Alexander"]
[Black "Hedrich, Gerd"]
[Result "1-0"]
[WhiteElo "1891"]
[BlackElo "1547"]
[PlyCount "61"]
[EventDate "2017.??.??"]
[WhiteTeam "SF HN-Biberach"]
[BlackTeam "Wiesbadener SV"]

1. c4 Nf6 2. Nc3 e6 3. g3 c6 4. Bg2 d5 5. cxd5 cxd5 6. d4 Bb4 7. a3 Bxc3+ 8.
bxc3 Nc6 9. Nf3 O-O 10. O-O h6 11. Qd3 b6 12. Qb5 Bb7 13. c4 Ne4 14. cxd5 Nc3
15. Qd3 Nxd5 16. Bb2 Rc8 17. Rac1 Qd7 18. Rfd1 Nde7 19. e4 Rfd8 20. Rd2 Ng6 21.
Rcd1 Nce7 22. h4 Qa4 23. h5 Nf8 24. Nh2 Nd7 25. Qe2 Nf6 26. Ng4 Nxg4 27. Qxg4
Qb5 28. d5 g6 29. hxg6 Nxg6 30. dxe6 Qg5 31. exf7+ 1-0

[Event "29.Schlosspark-Open"]
[Site "Wiesbaden-Biebrich"]
[Date "2017.08.24"]
[Round "1.81"]
[White "Schmidt, Volker"]
[Black "Goodwin, David"]
[Result "1-0"]
[WhiteElo "1917"]
[BlackElo "1518"]
[PlyCount "69"]
[EventDate "2017.??.??"]
[WhiteTeam "TuS Dotzheim"]
[BlackTeam "SV Kelsterbach"]

1. c4 g6 2. g3 Bg7 3. Bg2 d6 4. Nc3 Nf6 5. d3 Nbd7 6. e4 e5 7. Nge2 a6 8. O-O
O-O 9. f4 exf4 10. gxf4 Nh5 11. Be3 Qe7 12. Rb1 c6 13. Qd2 Ndf6 14. h3 Bh6 15.
b4 Ne8 16. a4 Neg7 17. b5 f5 18. bxc6 bxc6 19. Rb6 fxe4 20. dxe4 Bb7 21. Rfb1
Bc8 22. Rxc6 Qh4 23. Bf2 Bxf4 24. Qd5+ Be6 25. Bxh4 Be3+ 26. Kh2 Bxd5 27. Nxd5
g5 28. Nxe3 gxh4 29. Ng4 Rae8 30. Rxd6 Ne6 31. e5 Ng5 32. Rb7 Nf3+ 33. Bxf3
Rxf3 34. Rdd7 Nf4 35. Nh6+ 1-0

[Event "29.Schlosspark-Open"]
[Site "Wiesbaden-Biebrich"]
[Date "2017.08.24"]
[Round "1.82"]
[White "Vogt, Johannes"]
[Black "Gürtler, Karl-Heinz"]
[Result "0-1"]
[WhiteElo "1511"]
[BlackElo "1912"]
[PlyCount "62"]
[EventDate "2017.??.??"]
[WhiteTeam "SG Mörsdorf-Lahr"]
[BlackTeam "SC Ober-Ramstadt"]

1. c4 d6 2. Nc3 e5 3. g3 f5 4. Bg2 Nf6 5. e3 c6 6. Nge2 Be7 7. O-O O-O 8. d4
Kh8 9. b3 Be6 10. d5 cxd5 11. Nxd5 Nxd5 12. Bxd5 Bxd5 13. Qxd5 Nc6 14. Nc3 e4
15. Ba3 Ne5 16. Qxb7 Bf6 17. Bb2 Nd3 18. Ba3 Bxc3 19. Rad1 Qf6 20. f3 Qh6 21.
Bxd6 Qxd6 22. fxe4 Rad8 23. exf5 Qb6 24. Qe4 Rfe8 25. Qxe8+ Rxe8 26. Rxd3 Rxe3
27. Rdd1 Rd3+ 28. Kg2 Qc6+ 29. Kh3 Rxd1 30. Rxd1 h5 31. Kh4 Qf3 0-1